• 首页
  • 本馆介绍
  • 公告通知
  • 最新文献
  • 馆藏检索
  • 电子资源
  • 读者导购
  • 参考咨询
  • 我的图书馆
  • 登录
  • 详细信息显示
  • 放入我的书架
  • 预约/预借图书
  • 作者相关作品
  • 分类相关作品
  • 丛书相关作品
  • 出版社相关作品

书目信息

  • 表格格式
  • 工作单格式
  • 卡片格式
题名:
罗素与分析哲学
    
 
作者: 丁子江 著
分册:  
出版信息: 北京   北京大学出版社  2017
页数: 384页
开本: 23cm
丛书名:
单 册:
中图分类: B561.54
科图分类:
主题词:
电子资源:
ISBN: 978-7-301-27775-1
000 01223nam0 22002531 450
001 387697
005 20170502165520.0
010    @a978-7-301-27775-1@dCNY68.00
100    @a20170120d2017 em y0chiy50 ea
101 0  @achi
102    @aCN@b110000
105    @ay z 000yy
106    @ar
200 1  @a罗素与分析哲学@9luo su yu fen xi zhe xue@dBertrand Russell and analytic philosophy@e现代西方主导思潮的再审思@ereexamining modern British-American mainstream thought@f丁子江著@zeng
210    @a北京@c北京大学出版社@d2017
215    @a384页@d23cm
330    @a本书基于“初识罗素”时“灵魂饥渴”般的“诱惑”,作者在三十多年的漫长岁月里一步步深入对罗素做全面研究,本书既对罗素的梳理逻辑思想体系和罗素的分析思想的起源及形成有着细致、准确、系统和精深的研究,同时也中肯地揭示了罗素思想中的不足与偏颇。
510 1  @aBertrand Russell and analytic philosophy@ereexamining modern British-American mainstream thought@zeng
517 1  @a现代西方主导思潮的再审思@9xian dai xi fang zhu dao si chao de zai shen si
600  0 @a罗素@Aluo su@c(Russell, Bertrand@f1872-1970)@x哲学思想@x研究
690    @aB561.54@v5
701  0 @a丁子江@9ding zi jiang@4著
801  0 @aCN@b百万庄@c20170308
905    @b1003438-43@dB561.54@e52@f6
    
    罗素与分析哲学=Bertrand Russell and analytic philosophy:现代西方主导思潮的再审思:reexamining modern British-American mainstream thought/丁子江著.-北京:北京大学出版社,2017
    384页;23cm
    
    
    ISBN 978-7-301-27775-1:CNY68.00
    本书基于“初识罗素”时“灵魂饥渴”般的“诱惑”,作者在三十多年的漫长岁月里一步步深入对罗素做全面研究,本书既对罗素的梳理逻辑思想体系和罗素的分析思想的起源及形成有着细致、准确、系统和精深的研究,同时也中肯地揭示了罗素思想中的不足与偏颇。
●
相关链接 在E读中查询图书 在五车中查询图书 在当当中查询图书 在豆瓣中查询图书


正题名:罗素与分析哲学     索取号:B561.54/52         预约/预借

序号 登录号 条形码 馆藏地/架位号 状态 备注
1 1003438   210034381   第一样本阅览室/ [索取号:B561.54/52] 在馆    
2 1003439   210034390   教育系资料室/ [索取号:B561.54/52] 在馆    
3 1003440   210034407   教育系资料室/ [索取号:B561.54/52] 在馆    
4 1003441   210034416   教育系资料室/ [索取号:B561.54/52] 在馆    
5 1003442   210034425   第一借阅区/ [索取号:B561.54/52] 在馆    
6 1003443   210034434   第一借阅区/ [索取号:B561.54/52] 在馆    
唐山师范学院图书馆 欢迎您!
大连网信软件有限公司© 版权所有